000 00568nam a2200217Ia 4500
003 OSt
005 20220928140651.0
006 a|||||r|||| 00| 0
007 ta
008 220927b |||||||| |||| 00| 0 eng d
024 _a10773
037 _cTextual
040 _aSDCL
_cSDCL
_beng
041 _2eng
_aeng
082 _aB2811, L6
100 _aGibbons Jean Dickinson
_9460845
245 0 _aNonparametric methods for quantitative analysis.
260 _c1976
942 _hB2811, L6
_cTEXL
_2CC
999 _c813241
_d813241